Bilecik Bilecik Bilecik Bilecik Bilecik

Uzun gecenin tutsakları : (Record no. 3565)

MARC details
000 -BAŞLIK
Sabit Uzunluktaki Kontrol Alanı 01100nam a22003497a 4500
001 - KONTROL NUMARASI
Control Dosyası 0003581
003 - KONTROL NUMARASI KİMLİĞİ
Kontrol Alanı KOHA_MİRAKIL
005 - EN SON İŞLEM TARİHİ ve ZAMANI
Kontrol Alanı 20260207001340.0
007 - FİZİKSEL TANIM SABİT ALAN - GENEL BİLGİ
Sabit uzunluklu kontrol alanı ta
008 - SABİT UZUNLUKTAKİ VERİ ÖGELERİ - GENEL BİLGİ
Sabit Alan 090410b2001 tu |||gr||||#||||0|tur |
020 ## - ISBN - ULUSLARARASI STANDART KİTAP NUMARASI
Isbn 9750802810
040 ## - KATALOGLAMA KAYNAĞI
Özgün Kataloglama Kurumu TR-BiSEU
Kataloglama Dili tur
Çeviri Kurumu TR-BiSEU
Açıklama Kuralları rda
041 0# - DİL KODU
Metin ya da ses kaydının dil kodu tur
044 ## - YAYINLAYAN/ÜRETEN KURULUŞUN ÜLKE KODU
ISO country code tu
050 ## - SINIFLAMA ve YER NUMARASI
Sınıflama Numarası HV9776.7
Yer Numarası .K65 2001
100 1# - KİŞİ ADI
Yazar Adı (Kişi adı) Kökden, Uğur.
245 1# - ESER ADI BİLDİRİMİ
Başlık Uzun gecenin tutsakları :
Alt Eseradı vb. Barış Derneği cezaevi günlüğü-1982/
Sorumluluk Bildirimi Uğur Kökden ; Uğur Kökden.
264 #1 - ÜRERİM, YAYIN, DAĞITIM ve TELİF BİLDİRİMİ
Yayın yeri İstanbul :
Yayınlayan YKY
Yayın tarihi 2001
300 ## - FİZİKSEL TANIMLAMA
Sayfa, Cilt vb. 321 sayfa: resimli; 21 cm.
336 ## - İÇERİK TÜRÜ
Content type term metin
Content type code txt
Source rdacontent
337 ## - MEDYA TÜRÜ
Media type term aracısız
Media type code n
Source rdamedia
338 ## - TAŞIYICI TÜRÜ
Carrier type term cilt
Carrier type code nc
Source rdacarrier
490 1# - DİZİ BİLDİRİMİ
Dizi Bildirimi Yapı Kredi Yayınları ;
Cilt Numarası 1518.
490 1# - DİZİ BİLDİRİMİ
Dizi Bildirimi Edebiyat ;
Cilt Numarası 409.
650 #0 - KONU BAŞLIĞI EK GİRİŞ - KONU TERİMİ
Konusal terim veya coğrafi ad Siyasi Mahkumlar--Türkiye.
9 (RLIN) 8728
650 #0 - KONU BAŞLIĞI EK GİRİŞ - KONU TERİMİ
Konusal terim veya coğrafi ad Prisons--Turkey.
9 (RLIN) 8729
650 #0 - KONU BAŞLIĞI EK GİRİŞ - KONU TERİMİ
Konusal terim veya coğrafi ad Political prisoners--Turkey.
9 (RLIN) 8730
650 #0 - KONU BAŞLIĞI EK GİRİŞ - KONU TERİMİ
Konusal terim veya coğrafi ad Turkey--Politics and government 1980-.
9 (RLIN) 7392
830 1# - SERİ EK GİRİŞİ - TEKBİÇİM ESER ADI
Tekbiçim Başlık Yapı Kredi Yayınları ;
Volume number/sequential designation 1518.
9 (RLIN) 7873
830 1# - SERİ EK GİRİŞİ - TEKBİÇİM ESER ADI
Tekbiçim Başlık Edebiyat ;
Volume number/sequential designation 409.
9 (RLIN) 5879
942 ## - EK GİRİŞ ÖGELERİ (KOHA)
Source of classification or shelving scheme Library of Congress Classification
Koha item type Book
Holdings
Materyal Türü Kalıcı Konum Mevcut Konum Raf Yeri Sınıflandırma Kaynağı Edinim Bilgisi Ana Konular Alt Konular Yer Numarası Demirbaş Numarası Fatura Tarihi Maliyet, Alış Fiyatı Maliyet, Yenileme Fiyatı Geri Çekilme Durumu Kayıp Durumu Hasarlı Durumu Kredi için değil Kayıt Tarih Toplam Ödünçverme Son Görülme Tarihi Son Kontrol Tarihi Genel / Bağış Notu
Book Prof. Dr. Azmi Özcan Kütüphanesi Prof. Dr. Azmi Özcan Kütüphanesi Uluğbey Salonu Library of Congress Classification Bağış SOSYAL BİLİMLER Sosyal Patoloji, Sosyal ve Kamu Refahı, Kriminoloji HV9776.7 .K65 2001 0003581 13/08/2010 6.00 6.00         10/04/2009 1 05/12/2024 05/12/2024 İİBF